Význam sociálnych inovácií v procese formovania sociálnej kvality

Identifikácia špecifických rysov sociálnej kompetentnosti ako kondicionálneho faktora sociálnej kvality, na základe ktorých by bolo možno odvodiť základné charakteristiky pracovníka v novej forme spoločnosti, a poukázať na významný prínos sociálnych inovácií v procese spoločenských zmien. Sociálna k...

ver descrição completa

Na minha lista:
Detalhes bibliográficos
Autor principal: Antalová, Mária, 1952-
Formato: Capítulo de Livro
Idioma:eslovaco
Assuntos:
Tags: Adicionar Tag
Sem tags, seja o primeiro a adicionar uma tag!

MARC

LEADER 00000nla a2200000 4500
001 0208254
005 20240502073448.9
041 0 |a slo 
044 |a SK 
245 1 0 |a Význam sociálnych inovácií v procese formovania sociálnej kvality  |c Mária Antalová 
520 |a Identifikácia špecifických rysov sociálnej kompetentnosti ako kondicionálneho faktora sociálnej kvality, na základe ktorých by bolo možno odvodiť základné charakteristiky pracovníka v novej forme spoločnosti, a poukázať na významný prínos sociálnych inovácií v procese spoločenských zmien. Sociálna kvalita a jej faktory. Dimenzie ľudského kapitálu. Význam inovácií v procese formovania sociálnej kvality. Metodika kvantifikácie sociálnych inovácií. Kvantifikácia sociálnych inovácií prostredníctvom projektov. 
610 2 0 |a kvalita sociálna 
610 2 0 |a inovácia 
610 2 0 |a kapitál ľudský 
610 2 0 |a rozvoj sociálno-ekonomický 
100 1 |a Antalová, Mária, 1952-